书目信息 |
| 题名: |
中国古典寓言菁华
|
|
| 作者: | 迟铎 , 彭达池 编 | |
| 分册: | ||
| 出版信息: | 北京 商务印书馆国际有限公司 2018 |
|
| 页数: | 37, 524页 | |
| 开本: | 22cm | |
| 丛书名: | ||
| 单 册: | ||
| 中图分类: | I276.4 | |
| 科图分类: | ||
| 主题词: | 寓言--yu yan--作品集--中国--古代 | |
| 电子资源: | ||
| ISBN: | 978-7-5176-0338-2 | |
| 000 | 00892nam0 2200253 45 | |
| 001 | 012001006224 | |
| 005 | 20131016093244.0 | |
| 010 | @a978-7-5176-0338-2@b精装@dCNY45.00 | |
| 099 | @aCAL 012017060428 | |
| 100 | @a20170327d2017 em y0chiy50 ea | |
| 101 | 0 | @achi |
| 102 | @aCN@b110000 | |
| 105 | @ay z 000fy | |
| 106 | @ar | |
| 200 | 1 | @a中国古典寓言菁华@Azhong guo gu dian yu yan jing hua@f迟铎, 彭达池编 |
| 210 | @a北京@c商务印书馆国际有限公司@d2018 | |
| 215 | @a37, 524页@d22cm | |
| 330 | @a本书选取了先秦两汉时期的经典寓言故事400多篇。篇目以所载寓言原书出现的时间先后为序。对所载寓言的专书及作者, 均做了简要介绍。每则寓言分从说明、注释、今译等方面精细解读。 | |
| 606 | 0 | @a寓言@Ayu yan@x作品集@y中国@z古代 |
| 690 | @aI276.4@v5 | |
| 701 | 0 | @a迟铎@Achi duo@4编 |
| 701 | 0 | @a彭达池@Apeng da chi@4编 |
| 801 | 2 | @aCN@b上海新华@c20191020 |
| 905 | @b1099160-3@dI276.4@e100@f4 | |
| 中国古典寓言菁华/迟铎, 彭达池编.-北京:商务印书馆国际有限公司,2018 |
| 37, 524页;22cm |
| ISBN 978-7-5176-0338-2(精装):CNY45.00 |
| 本书选取了先秦两汉时期的经典寓言故事400多篇。篇目以所载寓言原书出现的时间先后为序。对所载寓言的专书及作者, 均做了简要介绍。每则寓言分从说明、注释、今译等方面精细解读。 |
| ● |
| 相关链接 |
|
|
|
|
正题名:中国古典寓言菁华
索取号:I276.4/100
 
预约/预借
| 序号 | 登录号 | 条形码 | 馆藏地/架位号 | 状态 | 备注 |
| 1 | 1099160 | 210991603 | 第一样本阅览室/ [索取号:I276.4/100] | 在馆 | |
| 2 | 1099161 | 210991612 | 第二借阅区/ [索取号:I276.4/100] | 在馆 | |
| 3 | 1099162 | 210991621 | 第二借阅区/ [索取号:I276.4/100] | 在馆 | |
| 4 | 1099163 | 210991630 | 第二借阅区/ [索取号:I276.4/100] | 在馆 |